Structural Analysis / (Record no. 17278)
[ view plain ]
| 000 -LEADER | |
|---|---|
| fixed length control field | 00668cam a2200241 a 4500 |
| 001 - CONTROL NUMBER | |
| control field | 16839407 |
| 005 - DATE AND TIME OF LATEST TRANSACTION | |
| control field | 20130210155101.0 |
| 008 - FIXED-LENGTH DATA ELEMENTS--GENERAL INFORMATION | |
| fixed length control field | 110622s2012 maua 001 0 eng |
| 010 ## - LIBRARY OF CONGRESS CONTROL NUMBER | |
| LC control number | 2011287065 |
| 020 ## - INTERNATIONAL STANDARD BOOK NUMBER | |
| International Standard Book Number | 0131976419 |
| 020 ## - INTERNATIONAL STANDARD BOOK NUMBER | |
| International Standard Book Number | 9780132570534 |
| 020 ## - INTERNATIONAL STANDARD BOOK NUMBER | |
| International Standard Book Number | 9789810687137 |
| 082 ## - DEWEY DECIMAL CLASSIFICATION NUMBER | |
| Edition number | 22 |
| Classification number | 624.171 |
| Item number | HIB |
| 100 1# - MAIN ENTRY--PERSONAL NAME | |
| Personal name | Hibbeler, R. C. |
| 9 (RLIN) | 32549 |
| 245 10 - TITLE STATEMENT | |
| Title | Structural Analysis / |
| Statement of responsibility, etc | R.C. Hibbeler. |
| 250 ## - EDITION STATEMENT | |
| Edition statement | 8th ed. |
| 260 ## - PUBLICATION, DISTRIBUTION, ETC. (IMPRINT) | |
| Place of publication, distribution, etc | Boston : |
| Name of publisher, distributor, etc | Prentice Hall, |
| Date of publication, distribution, etc | c2012. |
| 300 ## - PHYSICAL DESCRIPTION | |
| Extent | xviii, 695 p. : |
| Other physical details | ill. ; |
| Dimensions | 24 cm. |
| 500 ## - GENERAL NOTE | |
| General note | Includes index. |
| 650 #0 - SUBJECT ADDED ENTRY--TOPICAL TERM | |
| Topical term or geographic name as entry element | Structural analysis (Engineering) |
| 9 (RLIN) | 32550 |
| 653 ## - INDEX TERM--UNCONTROLLED | |
| Resource For college | |
| Arrived date list | February2013 |
| 942 ## - ADDED ENTRY ELEMENTS (KOHA) | |
| Source of classification or shelving scheme | Dewey Decimal Classification |
| Item type | Book - Borrowing |
| Withdrawn status | Item status | Source of classification or shelving scheme | Damaged status | Not for loan | Vendor | Home library | Current library | Shelving location | Date acquired | Source of acquisition | Total Checkouts | Full call number | Barcode | Date last seen | Koha item type | Total Renewals | Date last borrowed | Checked out | Cost, replacement price |
|---|---|---|---|---|---|---|---|---|---|---|---|---|---|---|---|---|---|---|---|
| Dewey Decimal Classification | Baccah | Central Library | Central Library | First floor | 10/02/2013 | 624.171 HIB | 000028150 | 15/07/2025 | NB - Book (Non borrowing) | ||||||||||
| Dewey Decimal Classification | Baccah | Central Library | Central Library | First floor | 10/02/2013 | 15 | 624.171 HIB | 000028151 | 15/07/2025 | Book - Borrowing | 143 | 03/10/2019 | |||||||
| Dewey Decimal Classification | Baccah | Central Library | Central Library | First floor | 18/02/2013 | 22 | 624.171 HIB | 000028296 | 15/07/2025 | Book - Borrowing | 145 | 22/02/2018 | |||||||
| Dewey Decimal Classification | Baccah | Central Library | Central Library | First floor | 18/02/2013 | 6 | 624.171 HIB | 000028297 | 12/11/2015 | Book - Borrowing | 62 | 12/11/2015 | 13/12/2015 | ||||||
| Lost and Paid For | Dewey Decimal Classification | Baccah | Central Library | Central Library | First floor | 18/02/2013 | Purchase | 2 | 624.171 HIB | 000028298 | 01/04/2014 | Book - Borrowing | 21 | 01/04/2014 | 685.00 | ||||
| Dewey Decimal Classification | Baccah | Central Library | Central Library | First floor | 18/02/2013 | 7 | 624.171 HIB | 000028299 | 15/07/2025 | Book - Borrowing | 106 | 09/09/2018 | |||||||
| Dewey Decimal Classification | Baccah | Central Library | Central Library | First floor | 18/02/2013 | 16 | 624.171 HIB | 000028300 | 15/07/2025 | Book - Borrowing | 71 | 06/12/2020 |